000 00827nam a2200253Ia 4500
003 OSt
005 20220923212723.0
006 a|||||r|||| 00| 0
007 ta
008 220922b |||||||| |||| 00| 0 san d
024 _a155,605
037 _cTextual
040 _aARTS
_cARTS
_bsan
041 _2san
_asan
082 _aO15,2D70:g, 152M4
100 _aरोझा, अंजलि
245 0 _aभवभूति
_b व्यक्तित्व और उनके पात्र
246 _aBhavabhūti: vyaktitva aur unake pātra
260 _aदिल्ली
_b राजपाल
_c1984
300 _a186 पृ0
_ccm.
650 _aसंस्कृत साहित्य
942 _hO15,2D70:g, 152M4
_cTEXL
_2CC
999 _c311085
_d311085